| 000 | 00368nam a2200145Ia 4500 | ||
|---|---|---|---|
| 008 | 230917s9999||||xx |||||||||||||| ||und|| | ||
| 040 |
_e62839 _aMAIN |
||
| 041 | _aEnglish | ||
| 082 | _a382 A54D | ||
| 100 | _aAmin, Samir | ||
| 245 | 0 | _aDelinking: towards a polycentric world | |
| 260 |
_aDelhi _bOxford University Press _c1990 |
||
| 300 | _axvi, 194 p. | ||
| 942 | _cBK | ||
| 999 |
_c78085 _d78085 |
||